Discurso leído en la solemne apertura del curso académico de 1892 a 1893 en la Universidad Literaria de Granada / (Registro nro. 155006)

Detalles MARC
000 -LEADER
campo de control de longitud fija 00729nam a22001815i 4500
001 - NÚMERO DE CONTROL
campo de control 155006
003 - IDENTIFICADOR DE NÚMERO DE CONTROL
campo de control ES-MaACL
005 - FECHA Y HORA DE LA ÚLTIMA TRANSACCIÓN
campo de control 20230906205929.0
008 - DATOS DE LONGITUD FIJA--INFORMACIÓN GENERAL
campo de control de longitud fija 011026s1892 sp |||| | spa d
040 ## - FUENTE DE CATALOGACIÓN
Centro catalogador/agencia de origen CCPB | B
Lengua de catalogación spa
Centro/agencia transcriptor CCPB | B
100 1# - ENTRADA PRINCIPAL--NOMBRE DE PERSONA
Nombre de persona Gutiérrez Jiménez, Federico.
9 (RLIN) 127657
245 10 - MENCIÓN DEL TÍTULO
Título Discurso leído en la solemne apertura del curso académico de 1892 a 1893 en la Universidad Literaria de Granada /
Mención de responsabilidad, etc. por Federico Gutiérrez Jiménez.
260 ## - PUBLICACIÓN, DISTRIBUCIÓN, ETC.
Lugar de publicación, distribución, etc. Granada :
Nombre del editor, distribuidor, etc. [s.n.],
Fecha de publicación, distribución, etc. 1892 (
Fabricante imprenta de Indalecio Ventura)
300 ## - DESCRIPCIÓN FÍSICA
Extensión 51 p. ;
Dimensiones 30 cm.
597 #1 - NOTA DE DESCRIPCIÓN FÍSICA
NOTA DE DESCRIPCIÓN FÍSICA Port. con esc. xil.
710 2# - ENTRADA AGREGADA--NOMBRE DE ENTIDAD CORPORATIVA
Nombre de entidad corporativa o nombre de jurisdicción como elemento de entrada Universidad Literaria de Granada.
9 (RLIN) 153703
852 ## - LOCALIZACIÓN
Ubicación ES-MaACL
Número de control de estantería T-657-F-6
Nota libre -- Enc. hol.
-- -- Enc. en un vol. facticio
Existencias
Estatus retirado Estado de pérdida Estado de daño No para préstamo Colección Biblioteca de origen Biblioteca actual Ubicación en estantería Fecha de adquisición Total de préstamos Signatura topográfica completa Código de barras Visto por última vez Precio de reemplazo Tipo de ítem Koha
        Colección de folletos Biblioteca del Ateneo de Madrid Biblioteca del Ateneo de Madrid Depósito folletos 17/01/2008   T-657-F-6 1162144 23/02/2023 23/02/2023 Folleto